[Event "Titled Tuesday intern op 09th Jan Early"]
[Site "Chess.com INT"]
[Date "2024.01.09"]
[Round "4"]
[White "Pujari, Rucha"]
[Black "Llari, Marc"]
[Result "0-1"]
[WhiteElo "2181"]
[BlackElo "2066"]
[PlyCount "70"]
[EventDate "2024.01.09"]
[EventType "swiss (blitz)"]
[EventRounds "11"]
[EventCountry "USA"]
[SourceTitle "CB03_2024"]
[SourceDate "2024.01.17"]
[SourceVersion "1"]
[SourceVersionDate "2024.01.17"]
[SourceQuality "1"]

1. d4 f5 2. c4 Nf6 3. Nf3 g6 4. g3 Bg7 5. Bg2 0-0 6. 0-0 d6 7. Nc3 Nbd7 8. Ng5 Nb6 9. d5 Nxc4 10. Ne6 Bxe6 11. dxe6 c6 12. a4 a5 13. b3 Nb6 14. Be3 Nfd5 15. Nxd5 Nxd5 16. Bxd5 Bxa1 17. Qxa1 cxd5 18. Qd4 Rc8 19. h4 Rf6 20. Bh6 Qc7 21. Rd1 Qc5 22. Rc1 Qxc1+ 23. Bxc1 Rxc1+ 24. Kg2 Rxe6 25. Qxd5 Kf7 26. h5 Rc5 27. Qxb7 Rxe2 28. h6 Rcc2 29. Qd5+ e6 30. Qb7+ Kf6 31. Qxh7 Rxf2+ 32. Kg1 Rg2+ 33. Kf1 Rh2 34. Kg1 Rcg2+ 35. Kf1 Rxg3 0-1

[Event "World-chT Rapid"]
[Site "Dusseldorf"]
[Date "2023.08.28"]
[Round "9"]
[White "Llari, Marc"]
[Black "Lobkin, Bohdan"]
[Result "0-1"]
[WhiteElo "2092"]
[BlackElo "1795"]
[PlyCount "148"]
[EventDate "2023.08.26"]
[EventType "team-swiss (rapid)"]
[EventRounds "12"]
[EventCountry "GER"]
[SourceTitle "CBM 215 Extra"]
[Source "ChessBase"]
[SourceDate "2023.09.30"]
[SourceVersion "1"]
[SourceVersionDate "2023.09.30"]
[SourceQuality "1"]
[WhiteTeam "Linz AlphaEchecs"]
[BlackTeam "Germany and Friends"]
[WhiteTeamCountry "AUT"]
[BlackTeamCountry "GER"]

1. e4 e6 2. d4 d5 3. Nc3 a6 4. Nf3 Bb4 5. e5 Bd7 6. Bd3 Bb5 7. 0-0 Bxd3 8. Qxd3 c5 9. a3 cxd4 10. Nxd4 Bc5 11. Nb3 Ba7 12. Qg3 Kf8 13. Bg5 Ne7 14. Rad1 Nbc6 15. Rfe1 h6 16. Bxe7+ Nxe7 17. Kh1 Rc8 18. f4 g6 19. Qd3 h5 20. Ne2 Nf5 21. Ng1 h4 22. Nh3 Kg7 23. Rd2 Qc7 24. Qf3 Qe7 25. Rde2 Rc7 26. Qd3 b5 27. c3 Bb6 28. Rd1 Rcc8 29. Red2 Qb7 30. Re2 Ba7 31. Qf3 Bb6 32. Red2 a5 33. Rd3 b4 34. axb4 axb4 35. Nd2 bxc3 36. bxc3 Qa7 37. Nf1 Rc6 38. Ng5 Rc4 39. Nd2 Ra4 40. Nf1 Rc8 41. g4 hxg3 42. hxg3 Ra2 43. R3d2 Rxd2 44. Rxd2 Qa1 45. Kg2 Rxc3 46. Qe2 Rxg3+ 47. Kh2 Qc3 48. Rc2 Qd3 49. Qxd3 Rxd3 50. Rb2 Bd8 51. Nh3 Bh4 52. Rd2 Bg3+ 53. Kg2 Nh4+ 54. Kh1 Rf3 55. Nxg3 Rxg3 56. Kh2 Rc3 57. Rf2 d4 58. Ng5 Nf5 59. Ne4 Re3 60. Nf6 Nh4 61. Kg1 g5 62. fxg5 Nf3+ 63. Kg2 Nxe5 64. Ne8+ Kg6 65. Nd6 d3 66. Nb5 Kxg5 67. Nd4 Re4 68. Nb3 f5 69. Nc5 Rg4+ 70. Kf1 Kf6 71. Rd2 Rc4 72. Nxd3 Rd4 73. Ke2 Nxd3 74. Rxd3 Rxd3 0-1

[Event "World-chT Rapid"]
[Site "Dusseldorf"]
[Date "2023.08.26"]
[Round "1.3"]
[White "Moeller, Lisa Marie"]
[Black "Llari, Marc"]
[Result "0-1"]
[WhiteElo "1899"]
[BlackElo "2092"]
[PlyCount "28"]
[EventDate "2023.08.26"]
[EventType "team-swiss (rapid)"]
[EventRounds "12"]
[EventCountry "GER"]
[SourceTitle "CBM 215 Extra"]
[Source "ChessBase"]
[SourceDate "2023.09.30"]
[SourceVersion "1"]
[SourceVersionDate "2023.09.30"]
[SourceQuality "1"]
[WhiteTeam "Wensing & Poebel"]
[BlackTeam "Linz AlphaEchecs"]
[WhiteTeamCountry "GER"]
[BlackTeamCountry "AUT"]

1. e4 c5 2. Nf3 e6 3. d4 cxd4 4. Nxd4 Nf6 5. f3 Nc6 6. c4 d5 7. cxd5 exd5 8. Nxc6 bxc6 9. exd5 Nxd5 10. Bd3 Bc5 11. Qe2+ Be6 12. Nc3 0-0 13. Ne4 Bb4+ 14. Bd2 Nf4 0-1

[Event "Titled Tuesday intern op 08th Aug Early"]
[Site "Chess.com INT"]
[Date "2023.08.08"]
[Round "5"]
[White "Llari, Marc"]
[Black "Mirzanurov, Bulat"]
[Result "0-1"]
[WhiteElo "2092"]
[BlackElo "2232"]
[PlyCount "82"]
[EventDate "2023.08.08"]
[EventType "swiss (blitz)"]
[EventRounds "11"]
[EventCountry "USA"]
[SourceTitle "EXT 2024"]
[Source "ChessBase"]
[SourceDate "2023.10.10"]
[SourceVersion "1"]
[SourceVersionDate "2023.10.10"]
[SourceQuality "1"]

1. d4 d5 2. Nf3 Nf6 3. Bg5 c5 4. e3 e6 5. c3 Nc6 6. Nbd2 h6 7. Bh4 Be7 8. Bd3 0-0 9. Qe2 a6 10. 0-0 Nd7 11. Bxe7 Qxe7 12. e4 dxe4 13. Qxe4 Nf6 14. Qe2 cxd4 15. cxd4 Rd8 16. Nb3 Nb4 17. Bb1 Nbd5 18. Ne5 a5 19. Re1 a4 20. Nc5 Qd6 21. Be4 b6 22. Bxd5 Qxd5 23. Ncd3 Bb7 24. Nf3 Rac8 25. Nde5 Nd7 26. Nxd7 Rxd7 27. Rac1 Rdc7 28. Rxc7 Rxc7 29. Qd2 Qf5 30. Ne5 Bd5 31. Rc1 Rxc1+ 32. Qxc1 f6 33. Nd7 Qg4 34. Qc8+ Kf7 35. Qf8+ Kg6 36. Qe8+ Kf5 37. f3 Bxf3 38. g3 Qh3 39. g4+ Qxg4+ 40. Kf2 Qg2+ 41. Ke3 Qe2# 0-1

[Event "Titled Tuesday intern op 08th Aug Early"]
[Site "Chess.com INT"]
[Date "2023.08.08"]
[Round "8"]
[White "Llari, Marc"]
[Black "Thake, Conrad"]
[Result "1-0"]
[WhiteElo "2092"]
[BlackElo "1778"]
[PlyCount "69"]
[EventDate "2023.08.08"]
[EventType "swiss (blitz)"]
[EventRounds "11"]
[EventCountry "USA"]
[SourceTitle "EXT 2024"]
[Source "ChessBase"]
[SourceDate "2023.10.10"]
[SourceVersion "1"]
[SourceVersionDate "2023.10.10"]
[SourceQuality "1"]

1. d4 Nf6 2. Nf3 e6 3. Bg5 Be7 4. e3 d5 5. Nbd2 0-0 6. Bd3 h6 7. Bh4 c5 8. c3 cxd4 9. exd4 Nc6 10. 0-0 Qb6 11. Qc2 Bd7 12. a3 Rac8 13. Rae1 Na5 14. Ne5 Bb5 15. Re3 Bxd3 16. Nxd3 Qxd4 17. Nf3 Qb6 18. Nfe5 Rfd8 19. Rg3 d4 20. c4 Qc7 21. Rc1 Nc6 22. Nxc6 Qxc6 23. b4 b6 24. Ne5 Qe8 25. f4 Kh8 26. Rf1 Nd7 27. Bxe7 Qxe7 28. Nxd7 Rxd7 29. Qd3 Rcd8 30. Re1 Qf6 31. Re5 Rd6 32. Rf3 a6 33. g3 g6 34. h4 Qf5 35. Rxf5 1-0

[Event "Titled Tuesday intern op 08th Aug Early"]
[Site "Chess.com INT"]
[Date "2023.08.08"]
[Round "6"]
[White "Stangl, Anita"]
[Black "Llari, Marc"]
[Result "0-1"]
[WhiteElo "2037"]
[BlackElo "2092"]
[PlyCount "120"]
[EventDate "2023.08.08"]
[EventType "swiss (blitz)"]
[EventRounds "11"]
[EventCountry "USA"]
[SourceTitle "EXT 2024"]
[Source "ChessBase"]
[SourceDate "2023.10.10"]
[SourceVersion "1"]
[SourceVersionDate "2023.10.10"]
[SourceQuality "1"]

1. e4 e6 2. Nf3 d5 3. Nc3 Nf6 4. e5 Nfd7 5. d4 c5 6. Bb5 Nc6 7. 0-0 Qb6 8. Bxc6 bxc6 9. dxc5 Nxc5 10. Qd4 Ba6 11. Re1 Nd7 12. Qg4 c5 13. b3 Qb4 14. Qxb4 cxb4 15. Ne2 Rc8 16. Ned4 Nc5 17. a3 bxa3 18. Bxa3 Bb7 19. Nb5 a6 20. Nd6+ Bxd6 21. exd6 Ne4 22. Nd4 Kd7 23. f3 Nxd6 24. Ra2 Rc7 25. g4 Rhc8 26. Re5 Nb5 27. Nxb5 axb5 28. c4 bxc4 29. bxc4 Rxc4 30. Rb2 Rc1+ 31. Kg2 R8c2+ 32. Rxc2 Rxc2+ 33. Kg3 d4 34. Rb5 Bxf3 35. Kxf3 Rc3+ 36. Ke4 Rxa3 37. Kxd4 Ke7 38. g5 Rh3 39. Rb6 Rxh2 40. Rb7+ Ke8 41. Ke5 Re2+ 42. Kd6 Rd2+ 43. Ke5 Rd7 44. Rb8+ Ke7 45. Rh8 f6+ 46. gxf6+ gxf6+ 47. Ke4 Kd6 48. Rf8 f5+ 49. Kf4 Rg7 50. Rd8+ Ke7 51. Ra8 Kf6 52. Rf8+ Rf7 53. Re8 Kg6 54. Ke5 Rf6 55. Rg8+ Kf7 56. Rh8 Rh6 57. Ra8 Rh1 58. Ra7+ Kg6 59. Kxe6 Re1+ 60. Kd5 f4 0-1

[Event "Titled Tuesday intern op 25th Jul Early"]
[Site "Chess.com INT"]
[Date "2023.07.25"]
[Round "6"]
[White "Llari, Marc"]
[Black "Mei, Austin"]
[Result "1-0"]
[WhiteElo "2110"]
[BlackElo "2274"]
[PlyCount "135"]
[EventDate "2023.07.25"]
[EventType "swiss (blitz)"]
[EventRounds "11"]
[EventCountry "USA"]
[SourceTitle "EXT 2024"]
[Source "ChessBase"]
[SourceDate "2023.10.10"]
[SourceVersion "1"]
[SourceVersionDate "2023.10.10"]
[SourceQuality "1"]

1. d4 f5 2. g4 d5 3. gxf5 Bxf5 4. Nf3 Nc6 5. Nbd2 Nf6 6. c3 Qd6 7. Nb3 e5 8. dxe5 Nxe5 9. Nxe5 Qxe5 10. Qd4 Bd6 11. Qxe5+ Bxe5 12. Be3 c6 13. Bd4 Bd6 14. Bxf6 gxf6 15. e3 Rg8 16. Nd4 Bd7 17. Bd3 c5 18. Nf5 Bxf5 19. Bxf5 Ke7 20. Bxh7 Rh8 21. Bc2 Bxh2 22. 0-0-0 Ke6 23. Bb3 c4 24. Bc2 Bc7 25. Kd2 f5 26. Ke2 f4 27. e4 dxe4 28. Bxe4 Rxh1 29. Rxh1 Re8 30. Bxb7 Kf5+ 31. Kf3 Rb8 32. Be4+ Kf6 33. Rb1 Be5 34. Ke2 a5 35. Kd2 a4 36. a3 Kg5 37. Rg1+ Kf6 38. Kc2 Bd6 39. Rg6+ Ke5 40. f3 Rh8 41. Rg5+ Kf6 42. Rd5 Ke6 43. Rd2 Bc5 44. Bd5+ Ke5 45. Bxc4 Be3 46. Re2 Rh3 47. Bb5 Rxf3 48. Bxa4 Rg3 49. Bc6 Kd6 50. Be4 Bb6 51. a4 f3 52. Bxf3 Rxf3 53. Kb3 Rf4 54. Rh2 Kc6 55. Rh6+ Kb7 56. Ka3 Rf3 57. Rh5 Kc6 58. Rb5 Bc5+ 59. Ka2 Bd6 60. Rb3 Rf4 61. Kb1 Rxa4 62. Kc2 Bc5 63. Rb8 Ra7 64. Rh8 Rg7 65. Rh6+ Kb5 66. b4 Rg2+ 67. Kb3 Rg5 68. c4# 1-0

[Event "Titled Tuesday intern op 18th Jul Early"]
[Site "Chess.com INT"]
[Date "2023.07.18"]
[Round "8"]
[White "Llari, Marc"]
[Black "Guzman Lozano, Campo Elias"]
[Result "1-0"]
[WhiteElo "2110"]
[BlackElo "1924"]
[PlyCount "49"]
[EventDate "2023.07.18"]
[EventType "swiss (blitz)"]
[EventRounds "11"]
[EventCountry "USA"]
[SourceTitle "EXT 2024"]
[Source "ChessBase"]
[SourceDate "2023.10.10"]
[SourceVersion "1"]
[SourceVersionDate "2023.10.10"]
[SourceQuality "1"]

1. d4 Nf6 2. Nf3 g6 3. Bg5 Bg7 4. Nbd2 d5 5. e3 c6 6. Bd3 Bf5 7. Bxf5 gxf5 8. Ne5 Nbd7 9. Ndf3 h6 10. Bxf6 Nxf6 11. Qe2 Ne4 12. 0-0-0 Qa5 13. Kb1 0-0 14. Rhg1 Kh8 15. g4 fxg4 16. Rxg4 Bf6 17. Rdg1 Rac8 18. Qf1 Qb4 19. Ka1 c5 20. Qh3 Kh7 21. Rh4 Bg7 22. Qf5+ Kh8 23. Nxf7+ Rxf7 24. Qxf7 Rg8 25. Rxh6+ 1-0

[Event "Titled Tuesday intern op 18th Jul Early"]
[Site "Chess.com INT"]
[Date "2023.07.18"]
[Round "5"]
[White "Llari, Marc"]
[Black "Topalov, Aleksandar"]
[Result "1-0"]
[WhiteElo "2110"]
[BlackElo "2233"]
[PlyCount "63"]
[EventDate "2023.07.18"]
[EventType "swiss (blitz)"]
[EventRounds "11"]
[EventCountry "USA"]
[SourceTitle "EXT 2024"]
[Source "ChessBase"]
[SourceDate "2023.10.10"]
[SourceVersion "1"]
[SourceVersionDate "2023.10.10"]
[SourceQuality "1"]

1. e4 e6 2. Nf3 d5 3. e5 Ne7 4. b3 b6 5. Bb2 Ba6 6. Bxa6 Nxa6 7. 0-0 Qd7 8. Nc3 c5 9. Ne2 Nf5 10. d4 Nb8 11. Ng3 Nxg3 12. hxg3 Nc6 13. Re1 Be7 14. Qe2 0-0 15. g4 Rac8 16. c3 cxd4 17. cxd4 Nb4 18. Rec1 Rxc1+ 19. Bxc1 Rc8 20. a3 Nc6 21. Bb2 Na5 22. Qd3 h6 23. g3 Rc7 24. Kg2 Qc6 25. Rc1 Qd7 26. Rh1 f6 27. Qg6 Rc8 28. Rxh6 Qe8 29. Qh7+ Kf7 30. exf6 Bxf6 31. g5 Qg8 32. Rxf6+ 1-0

[Event "Titled Tuesday intern op 18th Jul Early"]
[Site "Chess.com INT"]
[Date "2023.07.18"]
[Round "3"]
[White "Ziatdinov, Raset"]
[Black "Llari, Marc"]
[Result "0-1"]
[WhiteElo "2081"]
[BlackElo "2110"]
[PlyCount "56"]
[EventDate "2023.07.18"]
[EventType "swiss (blitz)"]
[EventRounds "11"]
[EventCountry "USA"]
[SourceTitle "EXT 2024"]
[Source "ChessBase"]
[SourceDate "2023.10.10"]
[SourceVersion "1"]
[SourceVersionDate "2023.10.10"]
[SourceQuality "1"]

1. e4 e6 2. Nf3 d5 3. exd5 exd5 4. d4 Bd6 5. Bd3 c6 6. 0-0 Ne7 7. c4 dxc4 8. Bxc4 0-0 9. Nc3 Nd7 10. Re1 Nb6 11. Bd3 Ned5 12. Ne4 h6 13. Nxd6 Qxd6 14. Ne5 Be6 15. Qf3 Nb4 16. Bb1 Qxd4 17. a3 N4d5 18. Re4 Qc5 19. Bd2 Nf6 20. Re1 Nbd5 21. g4 Qd4 22. Bc1 Nxg4 23. Nxg4 Qxg4+ 24. Qxg4 Bxg4 25. b4 Rfe8 26. Rf1 Bh3 27. Rd1 Nc3 28. Rd3 Re1# 0-1

[Event "Wch U08"]
[Site "Batumi"]
[Date "2022.09.23"]
[Round "7"]
[White "Llari, Marc"]
[Black "Konovalov, Aleksei"]
[Result "1-0"]
[WhiteElo "1800"]
[BlackElo "2219"]
[PlyCount "87"]
[EventDate "2022.09.16"]
[EventType "swiss"]
[EventRounds "11"]
[EventCountry "GEO"]
[SourceTitle "EXT 2023"]
[Source "ChessBase"]
[SourceDate "2022.10.05"]
[SourceVersion "1"]
[SourceVersionDate "2022.10.05"]
[SourceQuality "1"]

1. e4 e6 2. d4 d5 3. exd5 exd5 4. c4 dxc4 5. Bxc4 Nf6 6. Nc3 Be7 7. Nge2 0-0 8. 0-0 Nc6 9. a3 Bf5 10. Ba2 Ne4 11. d5 Nxc3 12. bxc3 Ne5 13. Nd4 Qd7 14. Nxf5 Qxf5 15. Be3 Ng6 16. Re1 Bd6 17. g3 Ne5 18. Kg2 Qd3 19. Qxd3 Nxd3 20. Red1 Ne5 21. a4 Rfe8 22. h3 Rad8 23. Rab1 b6 24. Rb2 Nd7 25. Bc4 Nc5 26. Bb5 Re4 27. Bd4 Bf8 28. Bc6 Bd6 29. a5 Re7 30. Ra1 Nd3 31. Rd2 Ne1+ 32. Kf1 Nf3 33. Rd3 Nxd4 34. Rxd4 Bc5 35. Rc4 Rd6 36. a6 Rf6 37. Rxc5 bxc5 38. Rb1 g6 39. Rb7 Re3 40. Rxa7 Rxc3 41. Rxc7 Rc2 42. f4 g5 43. a7 gxf4 44. a8Q+ 1-0

[Event "Tetraktys Concept Mgmt"]
[Site "Europe Echecs INT"]
[Date "2021.06.06"]
[Round "4"]
[White "Llari, Marc"]
[Black "Dalibert, Antony"]
[Result "1-0"]
[WhiteElo "1344"]
[BlackElo "1726"]
[PlyCount "109"]
[EventDate "2021.06.06"]
[EventType "swiss (blitz)"]
[EventRounds "11"]
[EventCountry "FRA"]
[SourceTitle "CBM 202 Extra"]
[Source "ChessBase"]
[SourceDate "2021.07.31"]
[SourceVersion "1"]
[SourceVersionDate "2021.07.31"]
[SourceQuality "1"]

1. e4 c6 2. Nf3 d5 3. Nc3 dxe4 4. Nxe4 Nf6 5. Nxf6+ exf6 6. Bc4 Bd6 7. Qe2+ Qe7 8. Qxe7+ Bxe7 9. 0-0 Bf5 10. c3 0-0 11. Re1 Bd6 12. d4 Nd7 13. Nh4 Bg6 14. Nxg6 hxg6 15. Be3 Nb6 16. Bb3 Nd5 17. Bxd5 cxd5 18. f3 Rac8 19. h3 b5 20. a3 a5 21. Bd2 Rc4 22. b4 a4 23. Kf2 Rcc8 24. f4 Rfe8 25. Rxe8+ Rxe8 26. Re1 Kf8 27. Rxe8+ Kxe8 28. g4 Ke7 29. h4 f5 30. gxf5 gxf5 31. h5 Kf6 32. Kg3 Bf8 33. Kh4 g6 34. hxg6 fxg6 35. Be3 Bh6 36. Bd2 Bf8 37. Be3 Bd6 38. Kg3 Kg7 39. Kf3 Kh6 40. Bd2 Kh5 41. Be3 Kh4 42. Bf2+ Kh3 43. Bg1 Be7 44. Kf2 Kg4 45. Bh2 Bh4+ 46. Ke2 Bg3 47. Bg1 Bxf4 48. Kd3 Bc1 49. c4 dxc4+ 50. Kc3 Bxa3 51. Be3 f4 52. Bd2 f3 53. Be3 Kg3 54. d5 Kg4 55. d6 1-0

[Event "Tetraktys Concept Mgmt"]
[Site "Europe Echecs INT"]
[Date "2021.06.06"]
[Round "8"]
[White "Rouast, Joseph"]
[Black "Llari, Marc"]
[Result "0-1"]
[WhiteElo "1828"]
[BlackElo "1344"]
[PlyCount "94"]
[EventDate "2021.06.06"]
[EventType "swiss (blitz)"]
[EventRounds "11"]
[EventCountry "FRA"]
[SourceTitle "CBM 202 Extra"]
[Source "ChessBase"]
[SourceDate "2021.07.31"]
[SourceVersion "1"]
[SourceVersionDate "2021.07.31"]
[SourceQuality "1"]

1. d4 Nf6 2. c4 g6 3. Nc3 d5 4. cxd5 Nxd5 5. e4 Nxc3 6. bxc3 Bg7 7. Bc4 0-0 8. Ne2 c5 9. 0-0 Nc6 10. Be3 Qa5 11. dxc5 Rd8 12. Qc2 Bg4 13. f3 Bd7 14. Rab1 Ne5 15. Bd5 Bc6 16. c4 Rab8 17. Nd4 e6 18. Bxc6 Nxc6 19. Nxc6 bxc6 20. Rb3 Bf8 21. Qf2 Rb4 22. Kh1 Rxc4 23. Qe2 Ra4 24. Rb2 Bxc5 25. Bg5 Rc8 26. Bf6 Bd4 27. e5 Bxb2 28. Qxb2 Rxa2 29. Qc1 Qa3 30. Qh6 Qf8 31. Qh4 Rd2 32. Bg5 Rd7 33. Bh6 Qe7 34. Bg5 f6 35. Bxf6 Qf7 36. Rc1 c5 37. g4 a5 38. f4 c4 39. f5 exf5 40. gxf5 gxf5 41. Rg1+ Kf8 42. Qh6+ Ke8 43. Rg7 Rd1+ 44. Kg2 Qd5+ 45. Kh3 Qf3+ 46. Kh4 Rd4+ 47. Rg4 Qxg4# 0-1